Oil and gas reservoir engineering /

Korporativní autor: Vysoká škola báňská - Technická univerzita Ostrava. Hornicko-geologická fakulta
Další autoři: Bujok, Petr, Baldrián, T.
Jazyk: Angličtina
Vydáno: Ostrava : VŠB - Technical University of Ostrava, 2005
Vydání: 1st ed.
Témata:
Externí odkaz: Digitalizovaný dokument
Fyzický popis: 46 l. : il. ; 30 cm
Knihy
Uloženo v:
LEADER 01944cam a2200493 a 4500
001 nkc20051532241
003 CZ PrNK
005 20060131090526.0
007 ta
008 050426s2005 xr a e p 000 0 eng
015 |a cnb001532241 
020 |a 80-248-0823-4  |q (brož.) 
035 |a (OCoLC)85152909 
040 |a BOA001  |b cze  |d ABA001 
072 7 |a 553  |x Ložisková geologie  |2 Konspekt  |9 7 
072 7 |a 37.016  |x Učební osnovy. Vyučovací předměty. Učebnice  |2 Konspekt  |9 22 
080 |a 553.3/.9  |2 MRF 
080 |a 553.981  |2 MRF 
080 |a 553.982  |2 MRF 
080 |a (075.8)  |2 MRF 
245 0 0 |a Oil and gas reservoir engineering /  |c editor Petr Bujok ; authors T. Baldrián ... [et al.] 
250 |a 1st ed. 
260 |a Ostrava :  |b VŠB - Technical University of Ostrava,  |c 2005 
300 |a 46 l. :  |b il. ;  |c 30 cm 
500 |a 30 výt. 
500 |a Na obálce nad názvem: VŠB - Technical University of Ostrava, Faculty of Mining and Geology 
504 |a Obsahuje bibliografii 
650 0 7 |a ložiska nerostných surovin  |7 ph137779  |2 czenas 
650 0 7 |a ložiska zemního plynu  |7 ph292632  |2 czenas 
650 0 7 |a ložiska ropy  |7 ph269132  |2 czenas 
650 0 9 |a deposits of raw materials  |2 eczenas 
650 0 9 |a natural gas deposits  |2 eczenas 
650 0 9 |a petroleum deposits  |2 eczenas 
655 7 |a učebnice vysokých škol  |7 fd133772  |2 czenas 
655 9 |a textbooks (higher)  |2 eczenas 
700 1 |a Bujok, Petr  |7 mzk2004224096  |4 edt 
700 1 |a Baldrián, T.  |4 aut 
710 2 |a Vysoká škola báňská - Technická univerzita Ostrava.  |b Hornicko-geologická fakulta  |7 kn20010709391 
856 4 1 |u http://www.digitalniknihovna.cz/mzk/uuid/uuid:6447b750-e853-11e6-8a71-005056827e52  |y Digitalizovaný dokument  |x NDK 
910 2 |a BOA001  |b 3-1159.663 
990 |a BK 
995 |a 01 
991 |b 200511  |c NOV 
996 6 |b 2610262454  |c 3-1159.663  |l MZK  |r Sklad / do 1 hodiny  |n 3  |p p.v.  |w 000795887  |u 000010  |a 1  |e BOA001  |j MZK50  |s P